[Event "Let's Play Chess!"]
[Site "http://www.queenalice.com/game.php?id=665121"]
[Date "2009.10.9"]
[Round "-"]
[White "oxidare"]
[Black "chry3841"]
[Result "1-0"]
[WhiteElo "1660"]
[BlackElo "1791"]

1. d4 e6 2. Nf3 Nf6 3. e3 b6 4. h3 Bb7 5. Bd3 d5 6. a3 Nbd7 7. O-O c5 8. Bb5 a6
9. Bxd7+ Qxd7 10. Nc3 Qc7 11. dxc5 bxc5 12. b3 e5 13. Bb2 d4 14. exd4 cxd4 15.
Na4 Bd6 16. Nh4 O-O 17. Nf5 Qc6 18. f3 Bc7 19. Ne7+ 1-0

[Event "Let's Play Chess!"]
[Site "http://www.queenalice.com/game.php?id=665122"]
[Date "2009.10.9"]
[Round "-"]
[White "chry3841"]
[Black "oxidare"]
[Result "0-1"]
[WhiteElo "1690"]
[BlackElo "1724"]

1. d4 d5 2. c4 e6 3. Nc3 h6 4. Nf3 Nf6 5. cxd5 exd5 6. Bf4 Bb4 7. Qa4+ Nc6 8.
Ne5 Bxc3+ 9. bxc3 Bd7 10. Nxd7 Qxd7 11. Rb1 b6 12. e3 O-O 13. Bb5 Rad8 14. Bxc6
Qe7 15. O-O a5 16. c4 Ne4 17. Qc2 f5 18. Bxd5+ Kh7 19. Bxe4 fxe4 20. Be5 g6 21.
Qxe4 Rf7 0-1

[Event "hi all"]
[Site "http://www.queenalice.com/game.php?id=665155"]
[Date "2009.10.10"]
[Round "-"]
[White "chry3841"]
[Black "Mars"]
[Result "1-0"]
[WhiteElo "1534"]
[BlackElo "1700"]

1. d4 d5 2. c4 e6 3. Nc3 Bb4 4. Nf3 Nc6 5. Bf4 b6 6. Qa4 Bb7 7. Ne5 Ne7 8. Rc1
O-O 9. Nd3 Bxc3+ 10. Rxc3 Nxd4 11. cxd5 Qxd5 12. Rxc7 Nef5 13. e3 Bc6 14. Qa6
Nc2+ 15. Kd2 Nb4 16. Qa3 a5 17. f3 Qc4 18. Nxb4 Qc5 19. Nxc6 Qd5+ 20. Bd3 Nh4
21. Ne7+ 1-0

[Event "Challenge"]
[Site "http://www.queenalice.com/game.php?id=665595"]
[Date "2009.10.10"]
[Round "-"]
[White "guicardoso"]
[Black "chry3841"]
[Result "0-1"]
[WhiteElo "1100"]
[BlackElo "1676"]

1. e4 e6 2. Nf3 d5 3. exd5 exd5 4. Qe2+ Qe7 5. Qxe7+ Bxe7 6. Nc3 Nf6 7. Bd3 Bg4
8. Ne5 Bh5 9. O-O O-O 10. Nb5 Na6 11. Nd4 c5 12. Nb5 c4 13. Bf5 g6 0-1

[Event "Challenge"]
[Site "http://www.queenalice.com/game.php?id=665823"]
[Date "2009.10.11"]
[Round "-"]
[White "BrennoMoreira"]
[Black "chry3841"]
[Result "1-0"]
[WhiteElo "1373"]
[BlackElo "1666"]

1. Nf3 Nf6 2. c4 e6 3. e4 b6 4. g3 Nxe4 5. Rg1 Bb7 6. Ne5 Qf6 7. f4 Bc5 8. Rg2
Nd6 9. b3 Bxg2 10. Bxg2 c6 11. Bf3 Bd4 12. Nc3 Bxe5 13. Ba3 Bxc3 14. Bxd6 Bxa1
15. Be5 1-0

[Event "Challenge02"]
[Site "http://www.queenalice.com/game.php?id=665989"]
[Date "2009.10.11"]
[Round "-"]
[White "ImpostorZ"]
[Black "chry3841"]
[Result "1-0"]
[WhiteElo "1426"]
[BlackElo "1788"]

1. e4 c5 2. Nc3 e6 3. Bc4 Ne7 4. a3 d5 5. exd5 exd5 6. Ba2 Nbc6 7. d3 Be6 8. Bf4
Ng6 9. Bg3 Qb6 10. Bxd5 Qxb2 11. Bxc6+ bxc6 12. Nge2 c4 13. O-O Rd8 14. Bc7 Rd7
15. Rb1 Qxa3 16. Rb8+ Ke7 17. Bg3 cxd3 18. cxd3 f6 19. f4 Qc5+ 20. d4 1-0

[Event "Challenge"]
[Site "http://www.queenalice.com/game.php?id=670227"]
[Date "2009.10.21"]
[Round "-"]
[White "Aldino"]
[Black "chry3841"]
[Result "1-0"]
[WhiteElo "2102"]
[BlackElo "1676"]

1. e4 c5 2. c4 e5 3. Nf3 d6 4. Nc3 Nf6 5. d3 Nc6 6. Qa4 Bd7 7. Qb3 Na5 8. Qd1 a6
9. Be2 b5 10. a3 bxc4 11. dxc4 Nc6 12. Bg5 Nd4 13. Nxd4 cxd4 14. Nd5 Be7 15.
Nxf6+ Bxf6 16. Bxf6 Qxf6 17. O-O O-O 18. b3 a5 19. a4 Qg5 20. Kh1 Bc6 21. Qd3 f5
22. f3 f4 23. Rg1 Qh5 24. g4 Qf7 25. Bd1 Rfb8 26. Rg2 Qb7 27. Rb1 Bxa4 28. Rgb2
Bd7 29. h3 Qb4 30. Bc2 Ra7 31. Kg2 Rab7 32. Kf2 Qa3 33. Ke2 a4 34. b4 Rxb4 35.
Qxa3 1-0

[Event "NEBRASKA"]
[Site "http://www.queenalice.com/game.php?id=682253"]
[Date "2009.11.13"]
[Round "-"]
[White "perucona"]
[Black "chry3841"]
[Result "0-1"]
[WhiteElo "1516"]
[BlackElo "1724"]

1. e4 c5 2. d4 cxd4 3. Qxd4 Nc6 4. Qd5 e6 5. Qd3 Nf6 6. Qe2 d5 7. exd5 Nxd5 8.
c4 Nb6 9. c5 Nd5 10. Nf3 Bxc5 11. Be3 Bxe3 12. fxe3 Qa5+ 13. Nbd2 O-O 14. O-O-O
Qxa2 15. Kc2 Bd7 16. Nc4 Rac8 17. Rb1 b5 18. Nd6 Nd4+ 19. Kd3 Nxe2 20. Bxe2 Qb3+
21. Ke4 Qxe3# 0-1

[Event "AUTO-ADV-1550"]
[Site "http://www.queenalice.com/game.php?id=687803"]
[Date "2009.11.24"]
[Round "1"]
[White "thw"]
[Black "chry3841"]
[Result "0-1"]
[WhiteElo "1792"]
[BlackElo "1676"]

1. e4 c5 2. Nf3 e6 3. d4 cxd4 4. Nxd4 Nc6 5. Nc3 Qc7 6. Nxc6 bxc6 7. Bc4 d5 8.
exd5 cxd5 9. O-O Qxc4 10. Re1 Bb7 0-1

[Event "AUTO-ADV-1550"]
[Site "http://www.queenalice.com/game.php?id=687804"]
[Date "2009.11.24"]
[Round "1"]
[White "chry3841"]
[Black "thw"]
[Result "1-0"]
[WhiteElo "1749"]
[BlackElo "1869"]

1. d4 e6 2. c4 d5 3. Nc3 Nf6 4. Bg5 Nbd7 5. Nf3 Be7 6. Rc1 O-O 7. e3 h6 8. Bh4
dxc4 9. Bxc4 c5 10. e4 cxd4 11. Nxd4 Nb6 12. Bb3 Bd7 13. f4 Nxe4 14. Bxe7 Nxc3
15. Bxd8 Nxd1 16. Bxb6 1-0

[Event "AUTO-ADV-1550"]
[Site "http://www.queenalice.com/game.php?id=687817"]
[Date "2009.11.24"]
[Round "1"]
[White "tonycorreia"]
[Black "chry3841"]
[Result "1-0"]
[WhiteElo "1782"]
[BlackElo "1740"]

1. e4 c5 2. Nc3 e6 3. Qf3 Ne7 4. Bc4 a6 5. a4 Nbc6 6. b3 Ne5 7. Qe2 Nxc4 8. Qxc4
b6 9. Nf3 Bb7 10. O-O g6 11. Bb2 Bg7 12. Rfe1 d5 13. exd5 Nxd5 14. Rad1 Nb4 15.
Re3 Nxc2 16. Rd3 Qc7 17. Rb1 Nb4 18. Re3 O-O 19. Ne2 a5 20. Ne5 Nd5 21. Re4 f5
22. Rh4 Bxe5 23. d4 Bf6 24. Rh3 Rac8 25. dxc5 Qxc5 26. Qxc5 Rxc5 27. Bxf6 1-0

[Event "AUTO-ADV-1550"]
[Site "http://www.queenalice.com/game.php?id=687818"]
[Date "2009.11.24"]
[Round "1"]
[White "chry3841"]
[Black "tonycorreia"]
[Result "0-1"]
[WhiteElo "1713"]
[BlackElo "1796"]

1. d4 d5 2. c4 c6 3. Nc3 dxc4 4. e3 b5 5. a4 b4 6. Nb1 Ba6 7. Qc2 Qd5 8. Nd2 b3
9. Qc3 Nf6 10. Ngf3 g6 11. Bxc4 Bxc4 12. Nxc4 Ne4 13. Qxb3 Nd7 14. Ncd2 Qa5 15.
O-O Rb8 16. Qc2 Nxd2 17. Bxd2 Qb6 18. b4 e6 19. Rfb1 Bg7 20. Ra2 O-O 21. Rab2 a6
22. b5 cxb5 0-1

[Event "AUTO-ADV-1550"]
[Site "http://www.queenalice.com/game.php?id=687825"]
[Date "2009.11.24"]
[Round "1"]
[White "DTG"]
[Black "chry3841"]
[Result "1-0"]
[WhiteElo "2004"]
[BlackElo "1814"]

1. e4 e6 2. d4 d5 3. Nc3 Nf6 4. Bg5 h6 5. Bxf6 Qxf6 6. Nf3 Bb4 7. Bd3 O-O 8. O-O
Nd7 9. Ne2 c5 10. c3 Ba5 11. e5 Qd8 12. Rc1 Qb6 13. b3 f6 14. a3 Qc6 15. b4 1-0

[Event "AUTO-ADV-1550"]
[Site "http://www.queenalice.com/game.php?id=687826"]
[Date "2009.11.24"]
[Round "1"]
[White "chry3841"]
[Black "DTG"]
[Result "0-1"]
[WhiteElo "1738"]
[BlackElo "1986"]

1. c4 c5 2. Nc3 Nc6 3. g3 g6 4. Bg2 Bg7 5. Qc2 e6 6. Nf3 Nge7 7. d3 b6 8. a3 Bb7
9. Rb1 Nd4 10. Qd2 Nef5 11. O-O Nxf3+ 12. Bxf3 Bxf3 13. exf3 Nd4 14. Qd1 Qf6 0-1

[Event "AUTO-OPEN-2138"]
[Site "http://www.queenalice.com/game.php?id=847909"]
[Date "2010.10.19"]
[Round "1"]
[White "CCapivara"]
[Black "chry3841"]
[Result "1-0"]
[WhiteElo "2045"]
[BlackElo "1553"]

1. e4 c5 2. Nf3 e6 3. Nc3 a6 4. Be2 Qc7 5. O-O Nc6 6. a3 d6 7. d4 cxd4 8. Nxd4
Nf6 9. Be3 b5 10. Qd2 Be7 11. Nxc6 Qxc6 12. Bf3 1-0

[Event "AUTO-OPEN-2138"]
[Site "http://www.queenalice.com/game.php?id=847947"]
[Date "2010.10.19"]
[Round "1"]
[White "Enrico"]
[Black "chry3841"]
[Result "1-0"]
[WhiteElo "1728"]
[BlackElo "1565"]

1. e4 c5 2. Nc3 e6 3. Nf3 a6 4. d4 cxd4 5. Nxd4 Qc7 6. a3 Nf6 7. Bg5 Be7 8. Bd3
d6 9. Qf3 Nbd7 10. O-O-O b5 11. e5 1-0

[Event "AUTO-OPEN-2138"]
[Site "http://www.queenalice.com/game.php?id=847948"]
[Date "2010.10.19"]
[Round "1"]
[White "chry3841"]
[Black "Enrico"]
[Result "0-1"]
[WhiteElo "1622"]
[BlackElo "1716"]

1. d4 d5 2. c4 c6 3. Nf3 Nf6 4. Nc3 dxc4 5. a4 Bf5 6. Ne5 Nbd7 7. Nxc4 Qc7 8. f3
e6 9. e4 Bg6 10. Be3 Bb4 0-1

[Event "Let's Play Chess!"]
[Site "http://www.queenalice.com/game.php?id=847968"]
[Date "2010.10.19"]
[Round "-"]
[White "Scaracioli"]
[Black "chry3841"]
[Result "1-0"]
[WhiteElo "1582"]
[BlackElo "1604"]

1. e4 c5 2. Nc3 g6 3. Bc4 a6 4. Nf3 d6 5. d4 cxd4 6. Qxd4 Nf6 7. Bg5 Nc6 8. Qd2
Bg7 9. Bxf6 Bxf6 10. O-O O-O 11. Rab1 Bd7 12. Rbe1 b5 13. Bb3 Rc8 14. a3 Na5 15.
Nd5 Bxb2 16. Qb4 1-0

[Event "Let's Play Chess!"]
[Site "http://www.queenalice.com/game.php?id=848063"]
[Date "2010.10.19"]
[Round "-"]
[White "chry3841"]
[Black "MariusLola"]
[Result "0-1"]
[WhiteElo "1581"]
[BlackElo "1683"]

1. d4 Nf6 2. c4 e6 3. Nf3 Bb4+ 4. Bd2 Bxd2+ 5. Qxd2 d5 6. Nc3 c6 7. e3 O-O 8.
Bd3 Nbd7 9. O-O b6 10. e4 dxe4 11. Nxe4 Nxe4 12. Bxe4 Bb7 13. Rad1 Qc7 14. Rfe1
c5 15. Bxb7 Qxb7 16. d5 Rfe8 0-1